Caribbean Studies CAPE Modules 1-111 (Record no. 10022)
[ view plain ]
| 000 -LEADER | |
|---|---|
| fixed length control field | nam a22 7a 4500 |
| 003 - CONTROL NUMBER IDENTIFIER | |
| control field | OSt |
| 005 - DATE AND TIME OF LATEST TRANSACTION | |
| control field | 20180830135657.0 |
| 008 - FIXED-LENGTH DATA ELEMENTS--GENERAL INFORMATION | |
| fixed length control field | 180830b xxu||||| |||| 00| 0 eng d |
| 020 ## - INTERNATIONAL STANDARD BOOK NUMBER | |
| International Standard Book Number | 0000 |
| 040 ## - CATALOGING SOURCE | |
| Transcribing agency | Wesley Powell Learning Resource Center |
| 245 ## - TITLE STATEMENT | |
| Title | Caribbean Studies CAPE Modules 1-111 |
| 942 ## - ADDED ENTRY ELEMENTS (KOHA) | |
| Source of classification or shelving scheme | Dewey Decimal Classification |
| Koha item type | Books |
| Withdrawn status | Lost status | Source of classification or shelving scheme | Damaged status | Not for loan | Home library | Current library | Date acquired | Total Checkouts | Full call number | Barcode | Date last seen | Date last checked out | Price effective from | Koha item type |
|---|---|---|---|---|---|---|---|---|---|---|---|---|---|---|
| Dewey Decimal Classification | Wesley Powell Learning Resource Centre | Wesley Powell Learning Resource Centre | 08/30/2018 | 1 | R/WIC/300,729 REI | 38340 | 07/17/2020 | 02/17/2020 | 08/30/2018 | Books | ||||
| Dewey Decimal Classification | Wesley Powell Learning Resource Centre | Wesley Powell Learning Resource Centre | 08/30/2018 | R/WIC/900/REI | 38339 | 08/30/2018 | 08/30/2018 | Books |